Paternidad activa: manual de monitores-as

Sábháilte in:
Sonraí bibleagrafaíochta
Príomhchruthaitheoirí: Morales Ahumada, Francisca (autora), Romero Bergdolt, Sabine (Údar)
Rannpháirtithe: Aguayo Fuenzalida, Francisco (autor)
Formáid: LEABHAR
Teanga:Spáinnis
Foilsithe / Cruthaithe: Santiago CIDE 2001
Ábhair:
Clibeanna: Cuir clib leis
Níl clibeanna ann, Bí ar an gcéad duine le clib a chur leis an taifead seo!

MARC

LEADER 00000nam a2200000 a 4500
001 UCM7350
003 CL-VaPUC
008 021213e20010000CL |||||||||||||||||spa|d
082 0 4 |a 306.8742  |b MOR  |2 21 
100 |a Morales Ahumada, Francisca  |e autora  |9 472945 
700 0 |a Romero Bergdolt, Sabine  |e author  |9 472932 
700 |a Aguayo Fuenzalida, Francisco  |e autor  |9 472933 
245 1 0 |a Paternidad activa: manual de monitores-as 
246 1 3 |a El fortalecimiento del derecho de los hombres a participar en la crianza de sus hijas e hijos 
300 |a 127 p 
942 |c BK 
945 |d 20021213 00:00:00  |a cmena 
260 |a Santiago  |b CIDE  |c 2001 
650 0 |a Relación padres e hijos  |9 458139 
650 0 |a Padres e hijos  |9 307753 
650 7 |a ROL PATERNO  |2 CL-VaPUC  |9 472934 
650 0 |a Vida familiar  |9 308049 
583 |a last modification  |c 20021213 00:00:00  |k Rodrigo Vera 
999 |c 302192  |d 302190 
952 |0 0  |1 0  |4 0  |6 306_874200000000000_MOR_2001  |7 0  |8 P  |9 362302  |a BIBEDU  |b BIBEDU  |c BIBEDU_PB  |d 2019-11-21  |i 3861880  |o 306.8742 MOR 2001  |p 3861880  |r 2024-01-25  |w 2019-11-21  |y BK  |k EPE